Akkusativ und dativ verben - Statistiques

Statistiques générales
  • Ce quiz a été pris 41 fois
  • Le résultat moyen est 2 sur 13
Answers on the Grid
Answers color-coded by a green-red scale on the quiz's grid according to % correct below.
gehören
erklären
fehlen
bringen
helfen
schmecken
vertrauen
antworten
erzählen
gefahllen
gratulieren
bestellen
haben
glauben
informieren
schenken
empfehlen
besuchen
schreiben
flogen
danken
finden
zusehen
geben
bekommen
brauchen
tragen
aufräumen
sagen
essen
hören
kochen
zuhören
lesen
wünchen
lieben
nehmen
kaufen
reparieren
suchen
schicken
sehen
trinken
vergessen
verlieren
ziegen
verstehen
 
Statistiques - réponses
Réponse % Correct
bringen
75%
empfehlen
25%
erklären
25%
erzählen
25%
wünchen
25%
geben
0%
glauben
0%
sagen
0%
schenken
0%
schicken
0%
schreiben
0%
tragen
0%
ziegen
0%
Aucun quiz correspondant
Distribution des résultats
% des personnes avec chaque résultat
Percentile par nombre de réponses
Votre historique - résultats
Vous n’avez pas pris ce quiz